00602 2200193 4500245003500000020002200035250001100057100001400068700001400082700002200096650002000118005001900138260002800157041001400185084001100199300002300210500016600233336000900399 aAfter Met YoucAri IrhamhText a978-602-5406-08-9 aCet. 1 aAri Irham aDwitasari aLarasati Fitriani aNovel Indonesia a20230926132730 aJakartabLoveablec2017 aIndonesia a808.83 a180 hlm. :c19 cm. a"Aku tidak percaya lagi dengan cinta.Cinta telah membuat kehidupan Papa dan aku hancur berantakan.Sejak saat itu,sudah tidak ada lagi kata 'cinta' dalam kamusku" atext